| 000 | 00644nam a22001817a 4500 | ||
|---|---|---|---|
| 999 |
_c20000 _d20000 |
||
| 008 | 240403b ||||| |||| 00| 0 eng d | ||
| 020 | _a0781761492 | ||
| 082 |
_aDC 616.3992 _bP21f 1999 |
||
| 100 |
_aParadiso, Catherine. _955993 |
||
| 245 |
_aLippincott's review series : _bfluids and electrolytes / _cCatherine Paradiso. |
||
| 250 | _a2nd edition. | ||
| 260 |
_aPhiladelphia : _bLippincott Williams & Wilkins, _c©1999. |
||
| 300 |
_axiv, 217 pages : _billustrations ; _c22 cm. |
||
| 500 | _aIncludes index. | ||
| 650 |
_aWater-electrolyte imbalances. _956434 |
||
| 650 |
_aWater-electrolyte balance (Physiology). _956435 |
||
| 942 |
_2ddc _cDC |
||